Sociálne efekty transformačného procesu.

Analýza socio-ekonomickej dimenzie transformačného procesu. Zmeny v hodnotovej orientácii ľudí ako súčasť globálnych zmien sociálno-kultúrneho systému. Úlohy sociálnej politiky v novovytvorenom sociálnom systéme. Teoretická analýza zmien v správaní domácností determinovaných takými skutočnosťami ako...

Descrizione completa

Salvato in:
Dettagli Bibliografici
Autore principale: Azudová, Ľubica
Natura: Capitolo di libro
Lingua:slovacco
Soggetti:
Tags: Aggiungi Tag
Nessun Tag, puoi essere il primo ad aggiungerne!!

MARC

LEADER 00000naa a2200000 4500
001 r012484
005 20220826094609.2
041 0 |a slo 
044 |a SK 
245 1 0 |a Sociálne efekty transformačného procesu.  |c Ľubica Azudová 
520 |a Analýza socio-ekonomickej dimenzie transformačného procesu. Zmeny v hodnotovej orientácii ľudí ako súčasť globálnych zmien sociálno-kultúrneho systému. Úlohy sociálnej politiky v novovytvorenom sociálnom systéme. Teoretická analýza zmien v správaní domácností determinovaných takými skutočnosťami ako nezamestnanosť, odmeňovanie a sociálna diferenciácia, rastúce životné náklady a problém chudoby. Porovnanie Českej a Slovenskej republiky. 
610 2 0 |a transformácia 
610 2 0 |a procesy sociálno-ekonomické 
610 2 0 |a politika sociálna 
610 2 0 |a domácnosti 
610 2 0 |a správanie 
610 2 0 |a nezamestnanosť 
610 2 0 |a náklady životné 
610 2 0 |a Čechy 
610 2 0 |a Slovensko 
100 1 |a Azudová, Ľubica